000 00286nam a22001217a 4500
008 171221b xxu||||| |||| 00| 0 eng d
041 _aeng
080 _a316
100 _a50
101 _aSOC
245 _aORGAN HISTORICAL SOCIETY ORGAN ATLAS 2011
_cWASHINGTON,D.C
942 _2udc
_cBK
999 _c39264
_d39264